Polski alfabet łącznościowy - Statystyki

Ogólne statystyki
  • Ten quiz został rozwiązany 34 razy
  • Średni wynik to 7 z 26
Answers on the Grid
Answers color-coded by a green-red scale on the quiz's grid according to % correct below.
Andrzej
Adam
Anna
Bartek
Beata
Barbara
Celina
Cezary
Cyprian
Dawid
Dorota
Daria
Edyta
Emilia
Edward
Fabian
Filip
Faustyna
Gabriel
Gustaw
Gabriela
Helena
Hubert
Henryk
Ida
Ignacy
Iga
Joanna
Jakub
Józef
Kinga
Karol
Kamil
Ludwik
Leon
Lena
Marta
Mateusz
Marian
Nikola
Nikodem
Nina
Olaf
Oliwia
Olga
Piotr
Paweł
Paulina
Quebec
Quentin
Quantum
Radosław
Roman
Rafał
Sebastian
Szymon
Stefan
Tatiana
Tadeusz
Tomasz
Ursus
Uriel
Urszula
Victor
Violetta
Vanessa
Witold
Wiktor
Walenty
Xymena
Xenia
Xawery
York
Yasmine
Ypsylon
Zofia
Zygmunt
Zenon
 
Statystyki odpowiedzi
Odpowiedź % Poprawnych
Adam
100%
Barbara
55%
Celina
45%
Marian
36%
Dorota
27%
Edward
27%
Filip
27%
Gustaw
27%
Henryk
27%
Ignacy
27%
Józef
27%
Karol
27%
Ludwik
27%
Nikodem
27%
Olga
27%
Paweł
27%
Quantum
27%
Roman
9%
Stefan
9%
Tadeusz
9%
Urszula
9%
Violetta
9%
Walenty
9%
Xawery
9%
Ypsylon
9%
Zygmunt
9%
Nie znaleziono quizów pasujących do podanych kryteriów
Rozkład punktacji
Procent ludzi z każdym wynikiem
Percentyl według liczby udzielonych odpowiedzi
Twoja historia wyników
Nie rozwiązałeś tego quizu